[Event "GER-chT U20 Girls"]
[Site "Torgelow"]
[Date "2006.12.27"]
[Round "1.4"]
[White "Neumann, Tanja"]
[Black "Koenig, Laura"]
[Result "0-1"]
[WhiteElo "1188"]
[BlackElo "1437"]
[PlyCount "52"]
[EventDate "2006.12.27"]
[EventType "team-swiss"]
[EventRounds "7"]
[EventCountry "GER"]
[SourceTitle "EXT 2008"]
[Source "ChessBase"]
[SourceDate "2007.11.25"]
[SourceVersion "1"]
[SourceVersionDate "2007.11.25"]
[SourceQuality "1"]
[WhiteTeam "Wadgassen/Differten U20 Girls"]
[BlackTeam "Koenig Tegel U20 Girls"]
[WhiteTeamCountry "GER"]
[BlackTeamCountry "GER"]

1. e4 Nf6 2. Nc3 d5 3. e5 d4 4. exf6 dxc3 5. bxc3 exf6 6. Nf3 Bd6 7. Bc4 0-0 8. 0-0 Nc6 9. Rb1 Bg4 10. d4 Re8 11. Be3 Qd7 12. Bb5 Qf5 13. d5 Ne5 14. Nd4 Qh5 15. f3 Nxf3+ 16. Nxf3 Rxe3 17. h3 Bc5 18. Kh2 a6 19. Be2 Rae8 20. Bd3 Bxf3 21. Rxf3 Qe5+ 22. g3 Qxc3 23. Rxe3 Rxe3 24. Kg2 Bd6 25. g4 Rg3+ 26. Kf2 Qd4+ 0-1

[Event "GER-chT U20 Girls"]
[Site "Naunhof"]
[Date "2005.12.28"]
[Round "4.4"]
[White "Biebinger, Eva"]
[Black "Koenig, Laura"]
[Result "1-0"]
[WhiteElo "1448"]
[BlackElo "1392"]
[PlyCount "63"]
[EventDate "2005.12.27"]
[EventType "team-swiss"]
[EventRounds "7"]
[EventCountry "GER"]
[SourceTitle "CBM 110 Extra"]
[Source "ChessBase"]
[SourceDate "2006.03.10"]
[SourceVersion "2"]
[SourceVersionDate "2006.03.10"]
[SourceQuality "1"]

1. c4 e6 2. Nc3 d5 3. cxd5 exd5 4. d4 c5 5. dxc5 d4 6. Ne4 Bxc5 7. Nxc5 Qa5+ 8. Qd2 Qxc5 9. Nf3 Nc6 10. g3 Nf6 11. Bg2 0-0 12. 0-0 Rd8 13. b3 Bf5 14. Bb2 Ne4 15. Qc1 Qb6 16. Qf4 Bg6 17. Nh4 Nf6 18. Nxg6 hxg6 19. Rad1 Nd5 20. Qc1 Rac8 21. Qc4 Nde7 22. Qa4 a5 23. Rd2 Qa6 24. Rfd1 b5 25. Qa3 b4 26. Qa4 Rc7 27. e4 Nc8 28. Bf1 d3 29. Rxd3 Rxd3 30. Bxd3 Qxd3 31. Rxd3 Nb6 32. Qb5 1-0

[Event "GER-chT U20 Girls"]
[Site "Naunhof"]
[Date "2005.12.27"]
[Round "1.4"]
[White "Koenig, Laura"]
[Black "Soldado Osuna, Inmaculada"]
[Result "1-0"]
[WhiteElo "1392"]
[BlackElo "1064"]
[PlyCount "63"]
[EventDate "2005.12.27"]
[EventType "team-swiss"]
[EventRounds "7"]
[EventCountry "GER"]
[SourceTitle "CBM 110 Extra"]
[Source "ChessBase"]
[SourceDate "2006.03.10"]
[SourceVersion "2"]
[SourceVersionDate "2006.03.10"]
[SourceQuality "1"]

1. e4 e5 2. Nf3 Nf6 3. Nxe5 Qe7 4. Nf3 Qxe4+ 5. Be2 d5 6. Nc3 Qg6 7. 0-0 Bd6 8. d4 Ne4 9. Re1 Nxc3 10. bxc3 0-0 11. Bd3 Qh5 12. Ne5 Qxd1 13. Rxd1 Re8 14. Re1 Nc6 15. Bd2 Nxe5 16. dxe5 Rxe5 17. Rxe5 Bxe5 18. Re1 f6 19. f4 Bd6 20. c4 c6 21. cxd5 cxd5 22. Re8+ Kf7 23. Bb5 a6 24. Bd7 Bc5+ 25. Kf1 b6 26. Rxc8 Rxc8 27. Bxc8 a5 28. Ke2 Ke7 29. Be3 Bxe3 30. Kxe3 Kd6 31. Kd4 Kc6 32. Be6 1-0

[Event "GER-chT U20 Girls"]
[Site "Pori"]
[Date "2004.12.27"]
[Round "1.4"]
[White "Spangenberg, Romy"]
[Black "Koenig, Laura"]
[Result "0-1"]
[WhiteElo "1096"]
[BlackElo "1270"]
[PlyCount "66"]
[EventDate "2004.12.27"]
[EventType "team"]
[EventRounds "7"]
[EventCountry "GER"]
[SourceTitle "EXT 2006"]
[Source "ChessBase"]
[SourceDate "2005.11.24"]
[SourceVersion "1"]
[SourceVersionDate "2005.11.24"]
[SourceQuality "1"]

1. e4 Nf6 2. e5 Nd5 3. Nf3 d6 4. d4 Nc6 5. Bb5 Bf5 6. Bxc6+ bxc6 7. Bd2 e6 8. Nc3 Be7 9. Nxd5 cxd5 10. Be3 0-0 11. Nd2 Rb8 12. b3 dxe5 13. dxe5 a6 14. f4 Bh4+ 15. g3 Be7 16. Qh5 Bxc2 17. g4 Bh4+ 18. Ke2 Bg6 19. Qxg6 fxg6 20. g5 h6 21. Nf3 hxg5 22. fxg5 Rxf3 23. Kxf3 Bxg5 24. Bd4 Qf8+ 25. Ke2 Qf4 26. Bc5 Qd2+ 27. Kf3 Be3 28. Ba3 d4 29. Kg3 Qf2+ 30. Kh3 Rf8 31. Rhg1 Rf5 32. Rh1 Rh5+ 33. Kg4 Rh4# 0-1

[Event "Berlin-ch U14"]
[Site "Berlin"]
[Date "2004.02.07"]
[Round "7"]
[White "Krebs, Joern"]
[Black "Koenig, Laura"]
[Result "0-1"]
[WhiteElo "941"]
[BlackElo "1183"]
[PlyCount "98"]
[EventDate "2004.04.??"]
[EventType "swiss"]
[EventRounds "7"]
[EventCountry "GER"]
[SourceTitle "EXT 2005"]
[Source "ChessBase"]
[SourceDate "2004.11.15"]
[SourceVersion "1"]
[SourceVersionDate "2004.11.15"]
[SourceQuality "1"]

1. d4 d5 2. c4 e6 3. e3 Nf6 4. Nc3 c5 5. Nf3 Nc6 6. Bd3 Bd7 7. 0-0 Bd6 8. Bd2 a6 9. b3 Qc7 10. dxc5 Bxc5 11. a3 0-0 12. b4 Bd6 13. c5 Be7 14. Na4 Ne5 15. Nxe5 Bxa4 16. Qxa4 Qxe5 17. Rac1 Rac8 18. c6 bxc6 19. Bxa6 Ra8 20. Bc3 Qc7 21. Bxf6 Bxf6 22. Qxc6 Qa7 23. b5 Be7 24. a4 h6 25. Qc7 Qxc7 26. Rxc7 Bd6 27. Rc6 Rfd8 28. Rfc1 Kf8 29. Rd1 Ke8 30. e4 Bb8 31. exd5 exd5 32. Rc5 d4 33. Rc4 d3 34. Re4+ Kf8 35. Re3 d2 36. Re2 Bc7 37. Rexd2 Re8 38. Rd7 Be5 39. g3 g5 40. Re1 f6 41. Rh7 Rad8 42. Rxh6 Kg7 43. Rh3 g4 44. Rh4 f5 45. Rc1 Bf6 46. Rc7+ Kg6 47. Rhh7 Rd1+ 48. Kg2 Ree1 49. f4 Re2# 0-1

[Event "Berlin-ch U14"]
[Site "Berlin"]
[Date "2004.02.06"]
[Round "6"]
[White "Koenig, Laura"]
[Black "Glantz, Robert"]
[Result "1/2-1/2"]
[WhiteElo "1183"]
[BlackElo "1295"]
[PlyCount "82"]
[EventDate "2004.04.??"]
[EventType "swiss"]
[EventRounds "7"]
[EventCountry "GER"]
[SourceTitle "EXT 2005"]
[Source "ChessBase"]
[SourceDate "2004.11.15"]
[SourceVersion "1"]
[SourceVersionDate "2004.11.15"]
[SourceQuality "1"]

1. e4 g6 2. d4 Bg7 3. Nf3 c6 4. Nc3 d5 5. e5 h5 6. Be2 Bg4 7. Bf4 Nh6 8. Qd2 Nf5 9. h3 Bxf3 10. Bxf3 Nd7 11. 0-0-0 b5 12. g4 Nh4 13. Be2 f6 14. Bg3 Bh6 15. f4 g5 16. f5 Qa5 17. Nb1 Qxd2+ 18. Nxd2 hxg4 19. hxg4 fxe5 20. dxe5 Bg7 21. e6 Nb6 22. b3 Bf6 23. Rde1 0-0-0 24. Kb1 Rdg8 25. Reg1 Kb7 26. Kc1 a6 27. Nf3 Nxf3 28. Bxf3 Na8 29. Re1 Nc7 30. Kb1 Ne8 31. Bg2 Kc8 32. Kc1 Kb7 33. Bf3 Ka7 34. Kb1 Ka8 35. Bg2 Ng7 36. Kc1 Ka7 37. Bf3 Kb7 38. Kb1 Kc8 39. Bg2 Kd8 40. Kc1 Kc8 41. Rd1 Ne8 1/2-1/2

[Event "GER-ch U12"]
[Site "Winterberg"]
[Date "2002.05.23"]
[Round "9"]
[White "Koenig, Laura"]
[Black "Weber, Kristina"]
[Result "1/2-1/2"]
[WhiteElo "694"]
[BlackElo "1209"]
[PlyCount "54"]
[EventDate "2002.05.19"]
[EventType "swiss"]
[EventRounds "11"]
[EventCountry "GER"]
[SourceTitle "CBM 088 Extra"]
[Source "ChessBase"]
[SourceDate "2002.07.01"]
[SourceVersion "2"]
[SourceVersionDate "2002.07.01"]
[SourceQuality "1"]

1. e4 e5 2. Nf3 Nc6 3. d4 exd4 4. Nxd4 Nge7 5. Nc3 g6 6. Bc4 Bg7 7. Be3 0-0 8. 0-0 Nxd4 9. Bxd4 Bxd4 10. Qxd4 Nc6 11. Qe3 d6 12. Rad1 Be6 13. Bxe6 fxe6 14. e5 d5 15. Rfe1 Rf5 16. Qg3 Qf8 17. Nb5 Qf7 18. a3 Rf8 19. Rf1 a6 20. Nd4 Nxd4 21. Rxd4 c5 22. Rd3 Rf4 23. c3 Qf5 24. Qe3 c4 25. Rd4 Rxd4 26. Qxd4 Qc2 27. Qb6 Rf7 1/2-1/2

[Event "GER-ch U12"]
[Site "Winterberg"]
[Date "2002.05.21"]
[Round "6"]
[White "Brummack, Anne"]
[Black "Koenig, Laura"]
[Result "0-1"]
[WhiteElo "1193"]
[BlackElo "694"]
[PlyCount "134"]
[EventDate "2002.05.19"]
[EventType "swiss"]
[EventRounds "11"]
[EventCountry "GER"]
[SourceTitle "CBM 088 Extra"]
[Source "ChessBase"]
[SourceDate "2002.07.01"]
[SourceVersion "2"]
[SourceVersionDate "2002.07.01"]
[SourceQuality "1"]

1. e4 Nf6 2. e5 Nd5 3. Bc4 Nb6 4. Bb3 Nc6 5. Nf3 d6 6. exd6 cxd6 7. Nc3 Bg4 8. d4 e5 9. dxe5 dxe5 10. Qxd8+ Rxd8 11. Ng5 Rd7 12. 0-0 h6 13. Nge4 Be7 14. Be3 0-0 15. f3 Be6 16. Bxe6 fxe6 17. Rad1 Rfd8 18. Rd2 Nc4 19. Rxd7 Rxd7 20. Bf2 Nxb2 21. Rb1 Nc4 22. Bc5 b6 23. Bxe7 Nxe7 24. g4 Nc6 25. h3 Rf7 26. Kg2 Ne3+ 27. Kg3 Nd4 28. Nd2 Nexc2 29. Nce4 Ne2+ 30. Kf2 Ncd4 31. Ke3 Nf4 32. h4 Ng2+ 33. Kd3 Nxh4 34. Rc1 Nhxf3 35. Ke3 Nxd2 36. Kxd2 a5 37. g5 Nf3+ 38. Ke3 b5 39. g6 Rf4 40. Rc8+ Rf8 41. Rxf8+ Kxf8 42. Kxf3 Ke7 43. Ke3 Kd7 44. Kd3 Kc6 45. Kc3 h5 46. Ng5 Kd5 47. Kd3 b4 48. Kc2 h4 49. Kb3 e4 50. Kc2 a4 51. Nh3 Kc4 52. Nf2 b3+ 53. axb3+ axb3+ 54. Kb2 e3 55. Ne4 e2 56. Nd2+ Kd3 57. Nf3 h3 58. Kc1 b2+ 59. Kxb2 h2 60. Ne1+ Kd2 61. Nf3+ Kd1 62. Nxh2 e1Q 63. Nf3 Qe2+ 64. Kb1 Qxf3 65. Ka1 Qb7 66. Ka2 Kc2 67. Ka3 Qb3# 0-1

[Event "GER-ch U12"]
[Site "Winterberg"]
[Date "2002.??.??"]
[Round "1"]
[White "Koenig, Laura"]
[Black "Jussupow, Ekaterina"]
[Result "0-1"]
[WhiteElo "694"]
[BlackElo "1436"]
[PlyCount "74"]
[EventDate "2002.05.19"]
[EventType "swiss"]
[EventRounds "11"]
[EventCountry "GER"]
[SourceTitle "CBM 088 Extra"]
[Source "ChessBase"]
[SourceDate "2002.07.01"]
[SourceVersion "2"]
[SourceVersionDate "2002.07.01"]
[SourceQuality "1"]

1. e4 e5 2. Nf3 Nc6 3. d4 exd4 4. Nxd4 Bc5 5. Nxc6 bxc6 6. Bc4 d6 7. Nc3 Nf6 8. Bg5 0-0 9. 0-0 h6 10. Bh4 Rb8 11. Rb1 Rb4 12. b3 Be6 13. a3 Rb8 14. Re1 Bxa3 15. Qd2 Bb4 16. Re3 Bxc4 17. Rc1 Be6 18. h3 Re8 19. Rg3 Kh7 20. Qd3 Kh8 21. Ne2 Rg8 22. Nd4 Qd7 23. Bxf6 gxf6 24. Rxg8+ Rxg8 25. Qf3 Rg6 26. Nxe6 fxe6 27. c3 Bc5 28. b4 Bb6 29. Rd1 Qg7 30. c4 Rg3 31. Qf4 Rxg2+ 32. Kh1 Rxf2 33. Qg4 Qxg4 34. hxg4 Rf4 35. Kg2 Rxe4 36. Kf3 Rxc4 37. Re1 e5 0-1